000 00389nam a22001697a 4500
005 20160615164521.0
008 160615b xxu||||| |||| 00| 0 eng d
020 _a81-900547-9-1
041 _aeng
082 _b7872
100 _abatra, Promod & Vijay
_91858
245 _aService Customers
260 _bFather & Son
_c2004
300 _a97
650 _aManagement
_9241
942 _cBK
999 _c2842
_d2841